[Event "Scarborough Intermediate 47th"]
[Site "Scarborough"]
[Date "2024.10.27"]
[Round "4.36"]
[White "Beswick, Andrew"]
[Black "Pearce, Neville R"]
[Result "0-1"]
[WhiteElo "1589"]
[BlackElo "1681"]
[PlyCount "56"]
[EventDate "2024.10.25"]
[EventType "swiss"]
[EventRounds "5"]
[EventCountry "ENG"]
[SourceTitle "BritBase"]
[Source "John Saunders"]
[SourceDate "2024.12.27"]
[SourceVersion "1"]
[SourceVersionDate "2024.12.27"]
[SourceQuality "1"]

1. e4 c5 2. Nc3 a6 3. Nf3 b5 4. a4 b4 5. Nd5 e6 6. Ne3 Bb7 7. e5 d5 8. exd6 Bxd6 9. Bc4 Nf6 10. O-O O-O 11. d4 Qc7 12. Qe2 Nbd7 13. Rd1 Nb6 14. dxc5 Bxc5 15. Bb3 a5 16. Nc4 Ba6 17. Qe5 Bxf2+ 18. Kh1 Qxe5 19. Nfxe5 Nxc4 20. Nxc4 Ne4 21. Bf4 Bxc4 22. Bxc4 g5 23. Be5 Rfd8 24. Bc7 Rdc8 25. Rd7 Nf6 26. Re7 Ra7 27. Bd8 Rxd8 28. Rxa7 Bxa7 0-1

[Event "Scarborough Intermediate 47th"]
[Site "Scarborough"]
[Date "2024.10.27"]
[Round "5.1"]
[White "Demir, Utku Deniz"]
[Black "Clegg, Robert"]
[Result "1/2-1/2"]
[WhiteElo "1773"]
[BlackElo "1744"]
[PlyCount "22"]
[EventDate "2024.10.25"]
[EventType "swiss"]
[EventRounds "5"]
[EventCountry "ENG"]
[SourceTitle "BritBase"]
[Source "John Saunders"]
[SourceDate "2024.12.27"]
[SourceVersion "1"]
[SourceVersionDate "2024.12.27"]
[SourceQuality "1"]

1. e4 e6 2. d4 d5 3. exd5 exd5 4. Bd3 Bd6 5. Ne2 Bg4 6. O-O Ne7 7. Bg5 f6 8. Be3 Nbc6 9. c3 Qd7 10. Qd2 Bf5 11. Bf4 Bxd3 1/2-1/2

[Event "Scarborough Intermediate 47th"]
[Site "Scarborough"]
[Date "2024.10.27"]
[Round "5.2"]
[White "Maydew, Simon"]
[Black "Mounce, Richard B"]
[Result "1/2-1/2"]
[WhiteElo "1942"]
[BlackElo "1974"]
[PlyCount "54"]
[EventDate "2024.10.25"]
[EventType "swiss"]
[EventRounds "5"]
[EventCountry "ENG"]
[SourceTitle "BritBase"]
[Source "John Saunders"]
[SourceDate "2024.12.27"]
[SourceVersion "1"]
[SourceVersionDate "2024.12.27"]
[SourceQuality "1"]

1. d4 Nf6 2. Nf3 c5 3. e3 cxd4 4. exd4 d5 5. Bd3 Nc6 6. c3 g6 7. h3 Bg7 8. Bf4 O-O 9. O-O Nd7 10. Re1 Re8 11. Ne5 {[=]} Ndxe5 12. dxe5 Be6 13. Bb5 Qb6 14. Na3 a6 15. Bxc6 bxc6 16. b4 a5 17. Nc2 axb4 18. cxb4 Ra4 19. a3 Rea8 20. g4 Bc8 21. Be3 Qc7 22. Bd4 e6 23. f4 {[=]} Ba6 24. Re3 Bc4 25. Rf3 Qb7 26. Qd2 Qa6 27. Re1 Qc8 {[=]} 1/2-1/2

[Event "Scarborough Intermediate 47th"]
[Site "Scarborough"]
[Date "2024.10.27"]
[Round "5.6"]
[White "Doherty, Paul D"]
[Black "Donahue, Randolph"]
[Result "1-0"]
[WhiteElo "1809"]
[BlackElo "1824"]
[PlyCount "102"]
[EventDate "2024.10.25"]
[EventType "swiss"]
[EventRounds "5"]
[EventCountry "ENG"]
[SourceTitle "BritBase"]
[Source "John Saunders"]
[SourceDate "2024.12.27"]
[SourceVersion "1"]
[SourceVersionDate "2024.12.27"]
[SourceQuality "1"]

1. e4 e5 2. Bc4 Nf6 3. Nc3 Nxe4 4. Bxf7+ Kxf7 5. Nxe4 d5 6. Qh5+ Kg8 7. Ng3 Nc6 8. c3 g6 9. Qe2 Bg7 10. d3 Kf7 11. h4 h6 12. Bd2 Rf8 13. O-O-O Kg8 14. Nh3 a5 15. h5 g5 16. f3 a4 17. a3 Na5 18. Nf2 Nb3+ 19. Kb1 Nxd2+ 20. Rxd2 c5 21. Ng4 Qd6 22. Qe1 b5 23. Re2 e4 24. dxe4 d4 25. e5 Qd5 26. Nf6+ Bxf6 27. exf6 Bf5+ 28. Ka1 dxc3 29. Qxc3 Be6 30. Kb1 Rad8 31. b3 axb3 32. Re5 Qa8 33. Rxe6 Qxa3 34. f7+ Rxf7 35. Qb2 Qxb2+ 36. Kxb2 Rd2+ 37. Kxb3 Rfd7 38. Re3 Rxg2 39. Ne4 c4+ 40. Kb4 Rb2+ 41. Kc5 Rc7+ 42. Kd6 Rc8 43. Kd7 Ra8 44. Nf6+ Kf7 45. Ng4 Ra7+ 46. Kc6 Ra6+ 47. Kc5 Kf8 48. Rhe1 Ra8 49. Nxh6 Rc8+ 50. Kb6 b4 51. Re7 c3 1-0

[Event "Scarborough Intermediate 47th"]
[Site "Scarborough"]
[Date "2024.10.27"]
[Round "5.11"]
[White "Meredith, Daniel"]
[Black "Matthews, Graham W"]
[Result "1-0"]
[WhiteElo "1687"]
[BlackElo "1731"]
[PlyCount "49"]
[EventDate "2024.10.25"]
[EventType "swiss"]
[EventRounds "5"]
[EventCountry "ENG"]
[SourceTitle "BritBase"]
[Source "John Saunders"]
[SourceDate "2024.12.27"]
[SourceVersion "1"]
[SourceVersionDate "2024.12.27"]
[SourceQuality "1"]

1. e4 c5 2. d4 cxd4 3. c3 dxc3 4. Nxc3 Nc6 5. Nf3 d6 6. Bc4 Nf6 7. e5 dxe5 8. Qxd8+ Nxd8 9. Nb5 Rb8 10. Nxe5 e6 11. Be3 Bb4+ 12. Ke2 O-O 13. a3 Ba5 14. Bc5 a6 15. Nd6 b5 16. Nxc8 Rxc8 17. Bxf8 Kxf8 18. Bb3 Nb7 19. Rac1 Rd8 20. Rhd1 Nd5 21. Kf1 Bb6 22. Bxd5 exd5 23. Rc6 Ba7 24. Rxa6 Bb8 25. Nc6 1-0

[Event "Scarborough Intermediate 47th"]
[Site "Scarborough"]
[Date "2024.10.27"]
[Round "5.14"]
[White "Blackburn, Jon E"]
[Black "Cawston, M John"]
[Result "1-0"]
[WhiteElo "1792"]
[BlackElo "1730"]
[PlyCount "77"]
[EventDate "2024.10.25"]
[EventType "swiss"]
[EventRounds "5"]
[EventCountry "ENG"]
[SourceTitle "BritBase"]
[Source "John Saunders"]
[SourceDate "2024.12.27"]
[SourceVersion "1"]
[SourceVersionDate "2024.12.27"]
[SourceQuality "1"]

1. d4 Nf6 2. Bf4 g6 3. Nf3 Bg7 4. Nbd2 O-O 5. e4 d6 6. c3 c5 7. d5 Bg4 8. Be2 Nbd7 9. Qc2 Qa5 10. Nc4 Qc7 11. O-O b5 12. Ncd2 Rab8 13. h3 Bxf3 14. Nxf3 Rfc8 15. Rfe1 Nb6 16. Rad1 a5 17. b3 c4 18. b4 axb4 19. cxb4 Na4 20. e5 Nh5 21. exd6 exd6 22. Bg5 Nc3 23. Rd2 Ra8 24. Nd4 Nxe2+ 25. Rexe2 Qb6 26. Nc6 Re8 27. Rxe8+ Rxe8 28. Re2 Rxe2 29. Qxe2 h6 30. Qe8+ Kh7 31. Be3 Qc7 32. Ne7 Nf6 33. Qxf7 c3 34. Qxg6+ Kh8 35. Qf7 Qd8 36. Bxh6 Nh5 37. Bg5 Nf4 38. Bxf4 c2 39. Qh5+ 1-0

[Event "Scarborough Intermediate 47th"]
[Site "Scarborough"]
[Date "2024.10.27"]
[Round "5.20"]
[White "Dean, Robert A"]
[Black "Murray, Frankie"]
[Result "1/2-1/2"]
[WhiteElo "1779"]
[BlackElo "1726"]
[PlyCount "110"]
[EventDate "2024.10.25"]
[EventType "swiss"]
[EventRounds "5"]
[EventCountry "ENG"]
[SourceTitle "BritBase"]
[Source "John Saunders"]
[SourceDate "2024.12.27"]
[SourceVersion "1"]
[SourceVersionDate "2024.12.27"]
[SourceQuality "1"]

1. e4 e6 2. d4 d5 3. Nd2 Be7 4. Ngf3 Nf6 5. e5 Nfd7 6. Bd3 c5 7. c3 Nc6 8. O-O g5 9. h3 h5 10. g4 hxg4 11. hxg4 Qb6 12. Re1 cxd4 13. cxd4 Nxd4 14. Nxd4 Qxd4 15. Nb3 Qb6 16. Be3 Qc7 17. Bd4 b6 18. Rc1 Nc5 {[=]} 19. Qe2 Rh4 20. Rc2 Qd8 21. Nxc5 bxc5 22. Bxc5 Qa5 23. Rec1 Bd7 24. b4 Qa4 25. a3 Bxc5 26. Rxc5 Qxa3 27. b5 Qb4 28. f3 Qf4 29. Qf2 Ke7 30. Rc7 Rd8 31. b6 axb6 32. Bb5 d4 33. R1c4 Qxe5 34. Bxd7 Rxd7 35. Rxd7+ Kxd7 36. Rxd4+ Ke7 37. Re4 Qc5 38. Qxc5+ bxc5 39. Re5 f6 40. Rxc5 Kd6 41. Ra5 Rh7 42. Kg2 Rc7 43. Kg3 Rc5 44. Ra3 f5 45. gxf5 exf5 46. Rd3+ Rd5 47. Ra3 Re5 48. Rd3+ Rd5 49. Ra3 Ke6 50. Re3+ Kf6 51. Ra3 Kg6 52. Ra6+ Kh5 53. Ra8 f4+ 54. Kh3 Rd6 55. Rh8+ Kg6 1/2-1/2

[Event "Scarborough Intermediate 47th"]
[Site "Scarborough"]
[Date "2024.10.27"]
[Round "5.26"]
[White "Mcclatchey, Rob"]
[Black "Allison, Paul A"]
[Result "1/2-1/2"]
[WhiteElo "1754"]
[BlackElo "1736"]
[PlyCount "41"]
[EventDate "2024.10.25"]
[EventType "swiss"]
[EventRounds "5"]
[EventCountry "ENG"]
[SourceTitle "BritBase"]
[Source "John Saunders"]
[SourceDate "2024.12.27"]
[SourceVersion "1"]
[SourceVersionDate "2024.12.27"]
[SourceQuality "1"]

1. d4 Nf6 2. Nf3 c5 3. e3 g6 4. Bd3 Bg7 5. Nbd2 cxd4 6. exd4 O-O 7. O-O Nc6 8. c3 Re8 9. Re1 Qc7 10. Ne4 d5 11. Nxf6+ Bxf6 12. Bh6 Bg4 13. h3 Bxf3 14. Qxf3 Rad8 15. Re2 Bg7 16. Bxg7 Kxg7 17. Bb5 a6 18. Bxc6 Qxc6 19. Rae1 e6 20. Qg3 Qd6 21. Qe3 1/2-1/2

[Event "Scarborough Intermediate 47th"]
[Site "Scarborough"]
[Date "2024.10.27"]
[Round "5.33"]
[White "Howorth, Jack"]
[Black "Blackburn, Sandra G"]
[Result "0-1"]
[WhiteElo "1770"]
[BlackElo "1601"]
[PlyCount "47"]
[EventDate "2024.10.25"]
[EventType "swiss"]
[EventRounds "5"]
[EventCountry "ENG"]
[SourceTitle "BritBase"]
[Source "John Saunders"]
[SourceDate "2024.12.27"]
[SourceVersion "1"]
[SourceVersionDate "2024.12.27"]
[SourceQuality "1"]

1. e4 c5 2. Nf3 d6 3. d4 cxd4 4. Nxd4 Nf6 5. Nc3 g6 6. f3 Bg7 7. Be3 a6 8. Qd2 Bd7 9. Bh6 O-O 10. Bxg7 Kxg7 11. h4 h5 12. O-O-O Nc6 13. Be2 Nxd4 14. Qxd4 Be6 15. g4 Kg8 16. gxh5 Nxh5 17. f4 Nxf4 18. h5 Nxe2+ 19. Nxe2 Qa5 20. hxg6 Qe5 21. gxf7+ Rxf7 22. Rdg1+ Rg7 23. Nf4 Qxd4 24. Rxg7+ 0-1

[Event "Scarborough Foundation 47th"]
[Site "Scarborough"]
[Date "2024.10.25"]
[Round "1.1"]
[White "Barker, Ian"]
[Black "Gardner, Alan R"]
[Result "1/2-1/2"]
[WhiteElo "1545"]
[BlackElo "1395"]
[PlyCount "54"]
[EventDate "2024.10.25"]
[EventType "swiss"]
[EventRounds "5"]
[EventCountry "ENG"]
[SourceTitle "BritBase"]
[Source "John Saunders"]
[SourceDate "2025.02.10"]
[SourceVersion "1"]
[SourceVersionDate "2025.02.10"]
[SourceQuality "1"]

1. e4 d6 2. d4 Nf6 3. Nc3 e5 4. dxe5 dxe5 5. Qxd8+ Kxd8 6. Bc4 Bb4 7. f3 Ke7 8. Nge2 Be6 9. Bd3 Nbd7 10. a3 Ba5 11. Be3 c5 12. Ng3 c4 13. Be2 b5 14. O-O a6 15. f4 Bg4 16. Bxg4 Nxg4 17. Nd5+ Kf8 18. fxe5 Nxe3 19. Nxe3 Nxe5 20. Nd5 f6 21. Nf4 Bd8 22. Nd5 Ke8 23. Rad1 Ra7 24. Kh1 Kf7 25. h3 Re8 26. Rf2 Kg8 27. Rdf1 Rf7 1/2-1/2

[Event "Scarborough Foundation 47th"]
[Site "Scarborough"]
[Date "2024.10.25"]
[Round "1.2"]
[White "Palmer, Ian"]
[Black "Singh, Adamjeet"]
[Result "1-0"]
[WhiteElo "1373"]
[BlackElo "1541"]
[PlyCount "83"]
[EventDate "2024.10.25"]
[EventType "swiss"]
[EventRounds "5"]
[EventCountry "ENG"]
[SourceTitle "BritBase"]
[Source "John Saunders"]
[SourceDate "2025.02.10"]
[SourceVersion "1"]
[SourceVersionDate "2025.02.10"]
[SourceQuality "1"]

1. e4 e6 2. d4 d5 3. e5 c5 4. Nf3 Nc6 5. Bb5 Qb6 6. Bxc6+ bxc6 7. Be3 Qxb2 8. Nbd2 cxd4 9. Bxd4 Qa3 10. O-O c5 11. Be3 d4 12. Bf4 Ne7 13. Nc4 Qa4 14. Nd6+ Kd7 15. Ne4 Nd5 16. Bg5 Qc6 17. Nfd2 Nc3 18. Qe1 Ba6 19. Nb3 h6 20. Bh4 g5 21. Bg3 Ne2+ 22. Kh1 Nxg3+ 23. fxg3 Bxf1 24. Qxf1 g4 25. Ned2 Ke7 26. Qf6+ Kd7 27. Qxh8 c4 28. Nxd4 Qd5 29. c3 Ba3 30. Qg7 Bb2 31. Rb1 Bxc3 32. Qxf7+ Kc8 33. Qe8+ Kc7 34. Nxe6+ Qxe6 35. Qxe6 Bxd2 36. Qd6+ Kc8 37. Qc6+ Kd8 38. Qxa8+ Ke7 39. Qc6 Bb4 40. Rxb4 a5 41. Rb7+ Kd8 42. Qd7# 1-0

[Event "Scarborough Foundation 47th"]
[Site "Scarborough"]
[Date "2024.10.25"]
[Round "1.3"]
[White "Watson, Andrew T"]
[Black "Clark, Steven"]
[Result "1-0"]
[WhiteElo "1532"]
[BlackElo "1361"]
[PlyCount "99"]
[EventDate "2024.10.25"]
[EventType "swiss"]
[EventRounds "5"]
[EventCountry "ENG"]
[SourceTitle "BritBase"]
[Source "John Saunders"]
[SourceDate "2025.02.10"]
[SourceVersion "1"]
[SourceVersionDate "2025.02.10"]
[SourceQuality "1"]

1. d4 e6 2. c4 c5 3. d5 e5 4. e4 Nf6 5. Nc3 d6 6. h3 a6 7. Bg5 Nbd7 8. Nf3 b5 9. cxb5 axb5 10. Bxb5 Qa5 11. Bxf6 gxf6 12. O-O Ba6 13. Bxd7+ Kxd7 14. Re1 Bc4 15. Nd2 Bb5 16. a4 Ba6 17. Qg4+ Ke7 18. Nf3 h5 19. Qg3 Kd7 20. Nh4 Be7 21. Qf3 Rab8 22. Nb5 Bxb5 23. axb5 Qxb5 24. Ra7+ Kd8 25. Nf5 Rb7 26. Ra8+ Rb8 27. Rea1 Kc7 28. Rxb8 Qxb8 29. Nxe7 Qxb2 30. Ra7+ Kb6 31. Nc6 Qc1+ 32. Kh2 Qf4+ 33. Qxf4 exf4 34. Rxf7 Rh6 35. Rd7 c4 36. Rxd6 Kc5 37. Rd8 c3 38. Ra8 Kc4 39. Ra1 Kb3 40. Nd4+ Kb2 41. Re1 Rh8 42. Re2+ Kc1 43. Rc2+ Kd1 44. Rxc3 Re8 45. Ne6 Kd2 46. Rf3 Ke2 47. Rxf4 Rg8 48. Rxf6 Kf1 49. g3 Rb8 50. d6 1-0

[Event "Scarborough Foundation 47th"]
[Site "Scarborough"]
[Date "2024.10.25"]
[Round "1.4"]
[White "Hare, Chris"]
[Black "Coleman, Daniel"]
[Result "1/2-1/2"]
[WhiteElo "1340"]
[BlackElo "1532"]
[PlyCount "39"]
[EventDate "2024.10.25"]
[EventType "swiss"]
[EventRounds "5"]
[EventCountry "ENG"]
[SourceTitle "BritBase"]
[Source "John Saunders"]
[SourceDate "2025.02.10"]
[SourceVersion "1"]
[SourceVersionDate "2025.02.10"]
[SourceQuality "1"]

1. e4 c6 2. d4 d5 3. f3 e5 4. dxe5 dxe4 5. Qxd8+ Kxd8 6. fxe4 Bc5 7. Bc4 f5 8. Nc3 Ne7 9. Bf4 Ng6 10. Bg5+ Kc7 11. Nf3 h6 12. Bd2 Bb4 13. O-O-O Bxc3 14. Bxc3 fxe4 15. Nd2 Nd7 16. Nxe4 Ndxe5 17. Bb3 Bg4 18. Rd2 Rae8 19. Rf1 Rhf8 20. Rxf8 1/2-1/2

[Event "Scarborough Foundation 47th"]
[Site "Scarborough"]
[Date "2024.10.25"]
[Round "1.5"]
[White "Nettleship, Andrew"]
[Black "Haydock, Natalie"]
[Result "1-0"]
[WhiteElo "1527"]
[BlackElo "1337"]
[PlyCount "81"]
[EventDate "2024.10.25"]
[EventType "swiss"]
[EventRounds "5"]
[EventCountry "ENG"]
[SourceTitle "BritBase"]
[Source "John Saunders"]
[SourceDate "2025.02.10"]
[SourceVersion "1"]
[SourceVersionDate "2025.02.10"]
[SourceQuality "1"]

1. e4 e5 2. Nf3 Nc6 3. Bc4 Nf6 4. d3 d5 5. exd5 Nxd5 6. O-O Bc5 7. Bg5 f6 8. Bh4 g5 9. Bg3 h5 10. h3 h4 11. Bh2 g4 12. hxg4 Bxg4 13. Nbd2 h3 14. Bg3 hxg2 15. Kxg2 Bh3+ 16. Kg1 Bxf1 17. Qxf1 Rg8 18. Ne4 Be7 19. Qh3 Rf8 20. Rd1 f5 21. Qh5+ Rf7 22. Neg5 Bxg5 23. Nxg5 Qd7 24. Qxf7+ Qxf7 25. Nxf7 Kxf7 26. Bxd5+ Kf6 27. Bxc6 bxc6 28. Re1 f4 29. Bh2 Rg8+ 30. Kf1 Rh8 31. Bg1 Kf5 32. f3 a6 33. Re4 Rh3 34. Kf2 Rh6 35. d4 exd4 36. Rxd4 Rd6 37. Rxd6 cxd6 38. Ke2 d5 39. Kd3 Ke5 40. c4 dxc4+ 41. Kxc4 1-0

[Event "Scarborough Foundation 47th"]
[Site "Scarborough"]
[Date "2024.10.25"]
[Round "1.6"]
[White "Singer, Matthew"]
[Black "Greenaway, Terence V"]
[Result "1/2-1/2"]
[WhiteElo "1324"]
[BlackElo "1527"]
[PlyCount "86"]
[EventDate "2024.10.25"]
[EventType "swiss"]
[EventRounds "5"]
[EventCountry "ENG"]
[SourceTitle "BritBase"]
[Source "John Saunders"]
[SourceDate "2025.02.10"]
[SourceVersion "1"]
[SourceVersionDate "2025.02.10"]
[SourceQuality "1"]

1. Nc3 d6 2. e4 Nf6 3. Nf3 g6 4. d4 Bg7 5. Bc4 O-O 6. Bg5 Nc6 7. Bxf6 Bxf6 8. Qd2 e6 9. O-O-O a6 10. Ne2 b5 11. Bd3 e5 12. d5 Nd4 13. Kb1 Nxe2 14. Bxe2 Bd7 15. h4 h5 16. Ng5 Bxg5 17. hxg5 Kg7 18. Bxh5 Rh8 19. Be2 Qe7 20. f4 exf4 21. Qxf4 Qe5 22. Qxe5+ dxe5 23. Rhf1 Rh4 24. d6 c6 25. Rh1 Rah8 26. Rxh4 Rxh4 27. Bf3 Kf8 28. b3 Ke8 29. c4 Kd8 30. c5 a5 31. Kb2 Kc8 32. a3 Kb7 33. Kc3 Kc8 34. b4 a4 35. Kd3 Be6 36. Ke3 Kd7 37. Kf2 Rh8 38. Rg1 Rh4 39. Kg3 Rh8 40. Bg4 Bxg4 41. Kxg4 Rh7 42. Rf1 Rg7 43. Rf6 Rh7 1/2-1/2

[Event "Scarborough Foundation 47th"]
[Site "Scarborough"]
[Date "2024.10.25"]
[Round "1.7"]
[White "Ronald, Ken"]
[Black "Baker, Andrew"]
[Result "1-0"]
[WhiteElo "1525"]
[BlackElo "1321"]
[PlyCount "107"]
[EventDate "2024.10.25"]
[EventType "swiss"]
[EventRounds "5"]
[EventCountry "ENG"]
[SourceTitle "BritBase"]
[Source "John Saunders"]
[SourceDate "2025.02.10"]
[SourceVersion "1"]
[SourceVersionDate "2025.02.10"]
[SourceQuality "1"]

1. d4 g6 2. c4 Bg7 3. Nf3 Nf6 4. Nc3 O-O 5. e4 d6 6. h3 c5 7. d5 Nfd7 8. Qc2 Ne5 9. Nxe5 Bxe5 10. Bh6 Bg7 11. Qd2 Na6 12. h4 Nc7 13. h5 b6 14. hxg6 fxg6 15. Bxg7 Kxg7 16. Qh6+ Kf7 17. Qxh7+ Ke8 18. Qxg6+ Kd7 19. Rh7 Qe8 20. Qxe8+ Kxe8 21. f3 a6 22. Kf2 b5 23. b3 bxc4 24. bxc4 Rb8 25. Rb1 Rxb1 26. Nxb1 Bd7 27. Nc3 Rf7 28. Rh8+ Rf8 29. Rxf8+ Kxf8 30. g4 e6 31. Kg3 e5 32. a4 Kf7 33. Bh3 Kg6 34. a5 Kg5 35. Nd1 Ne8 36. Nf2 Nf6 37. Nd3 Ba4 38. Bf1 Ne8 39. f4+ exf4+ 40. Nxf4 Bc2 41. Ne6+ Kg6 42. Kf4 Nf6 43. Bg2 Bb3 44. Bf1 Bc2 45. e5 dxe5+ 46. Kxe5 Nxg4+ 47. Kd6 Ne3 48. Be2 Kf6 49. Nxc5 Nf5+ 50. Kc7 Ke7 51. Nxa6 Nd4 52. Bf1 Bf5 53. Nb8 Nb3 54. a6 1-0

[Event "Scarborough Foundation 47th"]
[Site "Scarborough"]
[Date "2024.10.25"]
[Round "1.8"]
[White "Wright, George A"]
[Black "Jardine, Kenneth"]
[Result "0-1"]
[WhiteElo "1320"]
[BlackElo "1523"]
[PlyCount "102"]
[EventDate "2024.10.25"]
[EventType "swiss"]
[EventRounds "5"]
[EventCountry "ENG"]
[SourceTitle "BritBase"]
[Source "John Saunders"]
[SourceDate "2025.02.10"]
[SourceVersion "1"]
[SourceVersionDate "2025.02.10"]
[SourceQuality "1"]

1. d4 e6 2. c4 d5 3. Nc3 Nf6 4. Nf3 c5 5. cxd5 exd5 6. Bf4 Nc6 7. e3 a6 8. dxc5 Bxc5 9. Bd3 Qb6 10. Qe2 O-O 11. O-O Re8 12. Na4 Qa5 13. Nxc5 Qxc5 14. Rac1 Qa5 15. a3 Bg4 16. Qd2 Bxf3 17. Qxa5 Nxa5 18. gxf3 Nb3 19. Rc7 Nd2 20. Rfc1 Nxf3+ 21. Kg2 Ne5 22. Bf5 g6 23. Bxe5 Rxe5 24. Rc8+ Re8 25. Rxa8 Rxa8 26. Rc8+ Rxc8 27. Bxc8 Kf8 28. Bxb7 a5 29. b4 axb4 30. axb4 Ke7 31. b5 Kd6 32. Bc6 Nd7 33. f3 Nb8 34. Be8 Ke7 35. Bc6 Nxc6 36. bxc6 Kd6 37. c7 Kxc7 38. Kf2 Kd6 39. Ke2 Ke5 40. Kd3 g5 41. h3 h6 42. Kc3 h5 43. Kd3 f5 44. Ke2 g4 45. h4 d4 46. fxg4 fxg4 47. exd4+ Kxd4 48. Kf2 Kd3 49. Kg3 Ke3 50. Kg2 Kf4 51. Kf2 g3+ 0-1

[Event "Scarborough Foundation 47th"]
[Site "Scarborough"]
[Date "2024.10.25"]
[Round "1.9"]
[White "Noble, Ronnie"]
[Black "Tunnacliffe, Alan"]
[Result "0-1"]
[WhiteElo "1305"]
[BlackElo "1517"]
[PlyCount "120"]
[EventDate "2024.10.25"]
[EventType "swiss"]
[EventRounds "5"]
[EventCountry "ENG"]
[SourceTitle "BritBase"]
[Source "John Saunders"]
[SourceDate "2025.02.10"]
[SourceVersion "1"]
[SourceVersionDate "2025.02.10"]
[SourceQuality "1"]

1. e4 c5 2. f4 d5 3. exd5 Nf6 4. Bc4 Nxd5 5. d4 Nb6 6. Bb5+ Nc6 7. Nf3 a6 8. Bxc6+ bxc6 9. c3 e6 10. O-O Be7 11. Ne5 Bb7 12. Be3 cxd4 13. cxd4 O-O 14. Nc3 Nd5 15. Bd2 c5 16. Ne2 cxd4 17. Nxd4 Bc5 18. Nef3 Nxf4 19. Bxf4 Bxf3 20. Qxf3 Bxd4+ 21. Be3 Bxb2 22. Rad1 Qe7 23. Qc6 Rfc8 24. Qb6 Ba3 25. Qb1 Rd8 26. Rde1 Rab8 27. Qe4 Bc5 28. Bf2 Bxf2+ 29. Rxf2 Qb4 30. Qe5 Qd4 31. Qg3 Rb2 32. Ref1 Rxf2 33. Rxf2 h6 34. h3 Qd1+ 35. Rf1 Qd6 36. Qf3 f6 37. Kh1 Qd5 38. Qg3 Qg5 39. Qc7 Qd5 40. Qg3 Kh8 41. Qg6 e5 42. Qb1 e4 43. Qb6 Qd3 44. Re1 f5 45. Re3 Qd1+ 46. Kh2 Qd6+ 47. Qxd6 Rxd6 48. Kg1 Re6 49. g3 g5 50. Kf2 f4 51. gxf4 gxf4 52. Rb3 Kg7 53. h4 e3+ 54. Ke2 Kf6 55. Rb4 Kf5 56. Rb3 Kg4 57. h5 f3+ 58. Kf1 Kg3 59. Ke1 Kg2 60. Rb8 f2+ 0-1

[Event "Scarborough Foundation 47th"]
[Site "Scarborough"]
[Date "2024.10.25"]
[Round "1.11"]
[White "Handa, Anant"]
[Black "Stoneham, Brendan"]
[Result "0-1"]
[WhiteElo "1303"]
[BlackElo "1515"]
[PlyCount "52"]
[EventDate "2024.10.25"]
[EventType "swiss"]
[EventRounds "5"]
[EventCountry "ENG"]
[SourceTitle "BritBase"]
[Source "John Saunders"]
[SourceDate "2025.02.10"]
[SourceVersion "1"]
[SourceVersionDate "2025.02.10"]
[SourceQuality "1"]

1. d4 Nf6 2. c4 d6 3. Nf3 Bg4 4. e3 c6 5. Be2 Nbd7 6. O-O Bxf3 7. Bxf3 e5 8. dxe5 Nxe5 9. Be2 h5 10. h3 Qb6 11. Nd2 g5 12. b3 g4 13. Kh1 gxh3 14. gxh3 c5 15. Bb2 Qc6+ 16. f3 Bh6 17. e4 O-O-O 18. Qc2 Qd7 19. Bxe5 dxe5 20. Rf2 Qxd2 21. Qxd2 Rxd2 22. f4 Nxe4 23. Rg2 Rxe2 24. Rgg1 Bxf4 25. Rg7 Ng3+ 26. Kg1 Be3# 0-1

[Event "Scarborough Foundation 47th"]
[Site "Scarborough"]
[Date "2024.10.25"]
[Round "1.12"]
[White "Gaffney, Ethan"]
[Black "Hicks, Noah"]
[Result "0-1"]
[WhiteElo "1507"]
[BlackElo "1292"]
[PlyCount "118"]
[EventDate "2024.10.25"]
[EventType "swiss"]
[EventRounds "5"]
[EventCountry "ENG"]
[SourceTitle "BritBase"]
[Source "John Saunders"]
[SourceDate "2025.02.10"]
[SourceVersion "1"]
[SourceVersionDate "2025.02.10"]
[SourceQuality "1"]

1. e4 d6 2. d4 Nf6 3. Nc3 g6 4. Nf3 Bg7 5. Bc4 O-O 6. O-O Nxe4 7. Nxe4 d5 8. Bxd5 Qxd5 9. Nc3 Qc4 10. Re1 Nc6 11. Be3 Bg4 12. Nd2 Bxd1 13. Nxc4 Bxc2 14. Rac1 Bf5 15. Rcd1 a6 16. d5 Nb4 17. a3 Nc2 18. Re2 Nxe3 19. Nxe3 Bc8 20. Nc2 e6 21. Nb4 Rd8 22. dxe6 Bxe6 23. Red2 Rxd2 24. Rxd2 Re8 25. Re2 Rd8 26. h3 a5 27. Nc2 Bxc3 28. bxc3 Rd3 29. Re3 Rxe3 30. fxe3 Kf8 31. Kf2 Ke7 32. e4 Kd6 33. Ke3 Kc5 34. Nd4 Kc4 35. Kd2 c5 36. Nc2 Kb3 37. g4 Bc4 38. Ne3 b5 39. Nc2 Bf1 40. h4 f6 41. g5 fxg5 42. hxg5 b4 43. cxb4 cxb4 44. axb4 axb4 45. e5 Bh3 46. Ne3 Ka2 47. Nd5 b3 48. Nc3+ Ka1 49. Kd3 b2 50. Kd4 b1=Q 51. Nxb1 Kxb1 52. Kd5 Kc2 53. Kd6 Kd3 54. e6 Bxe6 55. Kxe6 Ke4 56. Kf6 Kf4 57. Kg7 Kxg5 58. Kxh7 Kh5 59. Kh8 Kh6 0-1

[Event "Scarborough Foundation 47th"]
[Site "Scarborough"]
[Date "2024.10.25"]
[Round "1.13"]
[White "Fairfield, Connor"]
[Black "Kundan Khan, Sara"]
[Result "0-1"]
[WhiteElo "1244"]
[BlackElo "1507"]
[PlyCount "59"]
[EventDate "2024.10.25"]
[EventType "swiss"]
[EventRounds "5"]
[EventCountry "ENG"]
[SourceTitle "BritBase"]
[Source "John Saunders"]
[SourceDate "2025.02.10"]
[SourceVersion "1"]
[SourceVersionDate "2025.02.10"]
[SourceQuality "1"]

1. e4 c5 2. Bc4 d6 3. Nf3 Nc6 4. c3 Nf6 5. Ng5 e6 6. d3 g6 7. d4 cxd4 8. cxd4 Bg7 9. O-O O-O 10. d5 exd5 11. exd5 Ne5 12. Be2 Bf5 13. h3 Rc8 14. Nc3 Qa5 15. Qd4 h6 16. b4 Qd8 17. Nf3 Nxf3+ 18. Bxf3 Ne4 19. Qxa7 Rxc3 20. Be3 Qa8 21. Bxe4 Qxa7 22. Bxa7 Bxe4 23. Rac1 Rxc1 24. Rxc1 Ra8 25. Be3 Bxd5 26. Bf4 Rxa2 27. Rc8+ Kh7 28. Bxd6 Bd4 29. Kh2 Rxf2 30. Rh8+ 0-1